| 000 | 00000nam##2200000za#4500 |
| 001 | 9.611149 |
| 003 | CaOODSP |
| 005 | 20200327121651 |
| 007 | ta |
| 008 | 150406|1994||||xxc||||| f|0| 0 eng|d |
| 022 | |a0706-6457 |
| 040 | |aCaOODSP|beng |
| 043 | |an-cn--- |
| 086 | 1 |aFs97-6/1943E |
| 110 | 1 |aCanada. |bDepartment of Fisheries and Oceans. |
| 245 | 10|aAerial surveys of seals in the Bay of Fundy and off southwest Nova Scotia / |cby W. T. Stobo and G. M. Fowler. |
| 260 | |aOttawa - Ontario : |bFisheries and Oceans Canada |c1994. |
| 300 | |a57p. : |bfigs., references, tables ; |c28 cm. |
| 490 | 1 |aCanadian technical report of fisheries and aquatic sciences|x0706-6457|v1943 |
| 500 | |aPrepared at the Biological Sciences Branch, Department of Fisheries and Oceans, Bedford Institute of Oceanography, P.O. Box 1006, Dartmouth, Nova Scotia B2Y 4A2. |
| 546 | |aRésumés en français |
| 563 | |aSoftcover |
| 690 | 07|aSeals|2gcpds |
| 720 | 1 |aStobo, W. T. |
| 720 | 1 |aFowler, G. M. |
| 776 | 0#|tAerial surveys of seals in the Bay of Fundy and off southwest Nova Scotia / |w(CaOODSP)9.573849 |
| 830 | #0|aCanadian technical report of fisheries and aquatic sciences,|x0706-6457|v1943|w(CaOODSP)9.514691 |